000 00959nam a2200277 a 4500
001 66862
003 BD-RjUL
005 20211209081603.0
008 170320s1986 caua b 001 0 eng
020 _a0534054781 (pbk.)
035 _a(BD-RjUL)66993
040 _aDLC
_cDLC
_dDLC
_dBD-RjUL
_beng
041 _aeng
082 0 0 _223
_a158.2
_bVEI 1986
100 1 _aVerderber, Kathleen S.,
_d1949-
_9197989
245 1 0 _aInter-act :
_busing interpersonal communication skills /
_cKathleen S. Verderber, Rudolph F. Verderber.
250 _a4th ed.
260 _aBelmont, Calif. :
_bWadsworth Pub. Co.,
_cc1986.
300 _aviii, 323 p. :
_bill. ;
_c24 cm.
500 _aIn the 3rd ed., R.F. Verderber's name appeared first on t.p.
504 _aIncludes bibliographies and index.
650 0 _aInterpersonal communication.
_9197990
650 0 _aInterpersonal relations.
_9197991
700 1 _aVerderber, Rudolph F.
_tInter-act.
_9197992
942 _2ddc
_cBK
999 _c66862
_d66862